| 000 | 00466nam a2200145 a 4500 | ||
|---|---|---|---|
| 001 | 000025612 | ||
| 005 | 20200930023921.0 | ||
| 008 | 110218s2004 sp d r 000 0 spa d | ||
| 040 |
_aDO-SdBNP _bspa _cBNPHU |
||
| 082 |
_ann* _bnn* |
||
| 245 | 0 | 0 |
_aRed de bibliotecas públicas de Castilla-La Mancha : _bCenso 2003. |
| 260 |
_aToledo : _bConsejería de Cultura. Junta de Comunidades Castilla-La Mancha, _c2004. |
||
| 300 |
_a191 p. : _bdiagrs. ; _c30 cm. |
||
| 049 | _aBNGR | ||
| 999 |
_c25104 _d25104 |
||